| 000 | 00792nam a2200265 a 4500 | ||
|---|---|---|---|
| 001 | 59664 | ||
| 003 | BD-RjUL | ||
| 005 | 20211209080745.0 | ||
| 008 | 161226s2000 enk d 000 0 eng | ||
| 020 |
_a1840641886 _cL.65.00 |
||
| 035 | _a(BD-RjUL)59788 | ||
| 035 | _a598335 | ||
| 040 |
_aIeDuTC _beng _cIeDuTC _dUk _dDLC |
||
| 041 | _aeng | ||
| 082 | 0 | 0 |
_a344.04603 _222 _bGID 2000 |
| 084 | _aK126.E58 G54 2000 | ||
| 100 | 1 |
_aGilpin, Alan. _9177537 |
|
| 245 | 1 | 0 |
_aDictionary of environmental law / _cAlan Gilpin. |
| 260 |
_aCheltenham : _bEdward Elgar, _c2000. |
||
| 300 |
_axiii, 377 p. ; _c25 cm. |
||
| 504 | _aIncludes bibliographical references. | ||
| 504 | _aIncludes bibliographical references (p. 377). | ||
| 650 | 0 |
_aEnvironmental law _vDictionaries. _9177538 |
|
| 942 |
_2ddc _cBK |
||
| 999 |
_c59664 _d59664 |
||